000 00610nam a22001935i 4500
001 53764
003 ES-MaACL
005 20250630061940.0
007 t|
008 960705s1872 sp ||||1| spa d
100 1 _aFernández y González, Manuel,
_d1821-1888
_950183
245 1 3 _aEl montero de Espinosa /
_cpor Manuel Fernández y González.
260 _aMadrid :
_b[Francisco Perezagua],
_c1872 (
_fImp. de Diego Valero)
300 _a298, [4] p. ;
_c18 cm.
490 1 _aLeyendas nacionales
830 1 0 _aLeyendas nacionales
_9182457
852 _aES-MaACL
_jD-2571
999 _c53764
_d53764